Samastigata arthabigyan parichay (Major2)/ (Record no. 12138)

MARC details
000 -LEADER
fixed length control field 00553nam a22001937a 4500
005 - DATE AND TIME OF LATEST TRANSACTION
control field 20250304091554.0
008 - FIXED-LENGTH DATA ELEMENTS--GENERAL INFORMATION
fixed length control field 250304b |||||||| |||| 00| 0 eng d
020 ## - INTERNATIONAL STANDARD BOOK NUMBER
International Standard Book Number 9789360780197
040 ## - CATALOGING SOURCE
Original cataloging agency IN-DiNC
Transcribing agency IN-DiNC
041 ## - LANGUAGE CODE
Language code of sung or spoken text Assamese
082 ## - DEWEY DECIMAL CLASSIFICATION NUMBER
Classification number 339
Item number PRI
100 ## - MAIN ENTRY--PERSONAL NAME
Personal name Priyadarshini, Susmita
Relator term Author
245 ## - TITLE STATEMENT
Title Samastigata arthabigyan parichay (Major2)/
Statement of responsibility, etc. by Susmita Priyadarshini
250 ## - EDITION STATEMENT
Edition statement 1st ed.
260 ## - PUBLICATION, DISTRIBUTION, ETC.
Place of publication, distribution, etc. Guwahati:
Name of publisher, distributor, etc. Ashok publication,
Date of publication, distribution, etc. 2024.
300 ## - PHYSICAL DESCRIPTION
Extent 240p.
650 ## - SUBJECT ADDED ENTRY--TOPICAL TERM
Topical term or geographic name entry element Introductory macroeconomics (Major2)
942 ## - ADDED ENTRY ELEMENTS (KOHA)
Source of classification or shelving scheme Dewey Decimal Classification
Koha item type Books
Holdings
Withdrawn status Lost status Source of classification or shelving scheme Damaged status Not for loan Collection code Home library Current library Shelving location Date acquired Cost, normal purchase price Total Checkouts Full call number Barcode Date due Date last seen Date last checked out Copy number Price effective from Koha item type
    Dewey Decimal Classification     Economics Central Library, Naharkatiya College Central Library, Naharkatiya College General Stacks 04/03/2025 295.00 5 339 PRI 30604 16/05/2026 28/04/2026 28/04/2026 1 04/03/2025 Books
    Dewey Decimal Classification     Economics Central Library, Naharkatiya College Central Library, Naharkatiya College General Stacks 04/03/2025 295.00 6 339 PRI 30605 18/04/2026 26/03/2026 26/03/2026 2 04/03/2025 Books
    Dewey Decimal Classification     Economics Central Library, Naharkatiya College Central Library, Naharkatiya College General Stacks 04/03/2025 295.00 4 339 PRI 30606 10/04/2026 23/03/2026 23/03/2026 3 04/03/2025 Books

Naharkatiya College © 2020. All rights reserved.

Powered By